Learning Resource and Development

Awareness and acceptability of Camarines Sur Polytechnic Colleges Buhi Campus students to the new vision, mission goals and objectives / (Record no. 26547)

MARC details
000 -LEADER
fixed length control field 00972nam a2200241 a 4500
003 - CONTROL NUMBER IDENTIFIER
control field CSPC
005 - DATE AND TIME OF LATEST TRANSACTION
control field 20231115153406.0
007 - PHYSICAL DESCRIPTION FIXED FIELD--GENERAL INFORMATION
fixed length control field ta
008 - FIXED-LENGTH DATA ELEMENTS--GENERAL INFORMATION
fixed length control field 231115s2019 ph d m 000 0beng
090 ## - LOCALLY ASSIGNED LC-TYPE CALL NUMBER (OCLC); LOCAL CALL NUMBER (RLIN)
Classification number (OCLC) (R) ; Classification number, CALL (RLIN) (NR) UTH BSOA N623a
100 ## - MAIN ENTRY--PERSONAL NAME
Personal name NiƱofranco, Frances Mae.,
Dates associated with a name authoir.
245 ## - TITLE STATEMENT
Title Awareness and acceptability of Camarines Sur Polytechnic Colleges Buhi Campus students to the new vision, mission goals and objectives /
Statement of responsibility, etc. Frances Mae NiƱofranco.
264 ## - PRODUCTION, PUBLICATION, DISTRIBUTION, MANUFACTURE, AND COPYRIGHT NOTICE
Place of production, publication, distribution, manufacture Buhi, Camarines Sur :
Name of producer, publisher, distributor, manufacturer Camarines Sur Polytechnic Colleges,
Date of production, publication, distribution, manufacture, or copyright notice 2019.
300 ## - PHYSICAL DESCRIPTION
Extent xvi, 93 leaves :
502 ## - DISSERTATION NOTE
Dissertation note Undergraduate Theses (BSOA) Office Administration
Name of granting institution Camarines Sur Polytechnic Colleges
700 ## - ADDED ENTRY--PERSONAL NAME
Personal name Gabalfin, Shara Mae.,
Relator term author.
720 ## - ADDED ENTRY--UNCONTROLLED NAME
Name Luzon, April Z.,
Relator term adviser
720 ## - ADDED ENTRY--UNCONTROLLED NAME
Name Dimabogte, Hejie A.,
Relator term panelsit chairperson
720 ## - ADDED ENTRY--UNCONTROLLED NAME
Name Escolano, Emilda E.,
Relator term panelist member
720 ## - ADDED ENTRY--UNCONTROLLED NAME
Name Bregala, Luningning Q.,
Relator term panelist member
942 ## - ADDED ENTRY ELEMENTS (KOHA)
Source of classification or shelving scheme Dewey Decimal Classification
Suppress in OPAC No
Koha item type Unpublished Materials
Holdings
Withdrawn status Lost status Source of classification or shelving scheme Damaged status Not for loan Home library Current library Shelving location Date acquired Total Checkouts Full call number Barcode Date last seen Copy number Price effective from Koha item type
    Dewey Decimal Classification   Not For Loan CAMPUS CSPC CAMPUS CSPC Undergraduate Thesis Section 11/15/2023   UTH BSOA N623a 00010UM-BUH 11/15/2023 1-1 11/15/2023 Unpublished Materials